AFL-Top 50 Players 2022 - Statistics

General Stats
  • This quiz has been taken 401 times
  • The average score is 18 of 26
Answer Stats
Team Player % Correct
Melbourne Clayton Oliver
98%
Melbourne Christian Petracca
96%
Western Bulldogs Marcus Bontempelli
95%
Melbourne Max Gawn
95%
Brisbane Lachie Neale
93%
Carlton Patrick Cripps
93%
Gold Coast Touk Miller
92%
St Kilda Jack Steele
82%
Carlton Charlie Curnow
75%
Hawthorn James Sicily
75%
Geelong Jeremy Cameron
73%
Essendon Zach Merrett
73%
Carlton Sam Walsh
72%
Adelaide Rory Laird
70%
Western Bulldogs Jack Macrae
68%
Port Adelaide Ollie Wines
67%
Geelong Tom Hawkins
66%
Sydney Luke Parker
64%
Sydney Isaac Heeney
61%
Sydney Callum Mills
60%
St Kilda Jack Sinclair
57%
Richmond Shai Bolton
47%
Hawthorn Dylan Moore
43%
Western Bulldogs Tom Liberatore
43%
Collingwood Jack Crisp
39%
West Coast Jackson Nelson
2%
No matching quizzes found
Score Distribution
Percent of People with Each Score
Percentile by Number Answered
Your Score History
You have not taken this quiz